01454nab a22002417a 4500003000400000005001700004008004100021040000700062100002500069245015600094260007300250300001500323500004400338505045600382505009000838650002900928650002400957650002600981650002501007650001101032650003701043773013201080OSt20251023112238.0190603e xxum|||| |||| 00| 0 spa d cPJ aDepetris, Carlos E. 10aReparación integral del daño, igualdad y seguridad jurídica. Una armonización necesaria para reducir decisiones ruidosas /cCarlos E. Depetris. cCiudad Autónoma de Buenos Aires :aThomson Reuters La Ley, b2025. ap. 153-168 aCita Online: TR LALEY AR/DOC/424/2025.  aSumario: I. Introducción.— II. Precisiones básicas sobre los principios.— III. Los principios de reparación plena, de igualdad y de seguridad jurídica.— IV. La necesaria armonización de principios en las decisiones sobre daños.— V. El deber de armonizar y ponderar principios en pugna para la determinación del resarcimiento.— VI. Conclusión. Acciones posibles frente al problema desde la mirada de los principios en juego.  t¿Te interesa el texto completo? Solicitalo al correo: koha@justierradelfuego.gov.ar  0aCODIGO CIVIL Y COMERCIAL 0aREPARACION INTEGRAL 0aRESPONSABILIDAD CIVIL 0aIGUALDAD ANTE LA LEY 0aJUECES 0aPRINCIPIOS GENERALES DEL DERECHO0 02713dCiudad Autónoma de Buenos Aires : Thomson Reuters La Ley, 2015-tRevista Código Civil y Comercial. Nº 2 - Abril 2025